| 000 | 01102nam0a22002771 4500 | ||
|---|---|---|---|
| 001 | rc\2773957 | ||
| 005 | 20250806204603.0 | ||
| 035 | _a(NLR Aleph) 006900276 | ||
| 090 |
_a29307 _c29307 |
||
| 100 | _a20110915d1941 u y0rusy50 ca | ||
| 101 | 0 | _arus | |
| 102 | _aRU | ||
| 105 | _ay z ||||| | ||
| 200 | 1 |
_aНаиболее рациональные системы разработки медноколчеданных месторождений _fН. А. Стариков |
|
| 210 |
_aСвердловск _aМосква _cМеталлургиздат _d1941 |
||
| 215 |
_a49, [2] с. _d22 см. |
||
| 225 | 1 |
_aТруды и материалы _fСвердловск. горный ин-т. Науч.-исслед. сектор _vВып. 10 |
|
| 300 | _aНапеч. в Свердловске | ||
| 700 | 1 |
_aСтариков _bН.А. _f1897-1961 _gНиколай Антонович |
|
| 801 | 0 |
_aRU _bNLR _gpsbo |
|
| 801 | 1 |
_aRU _bELAR _2rusmarc |
|
| 852 |
_aNLR _jТ26 Г-4/50-10 |
||
| 942 | _cBOOK | ||
| 945 | _aРоссийская национальная библиотека | ||
| 980 | _aNB | ||
| 980 | _aBV | ||